| 000 | 00639nam a22002417a 4500 | ||
|---|---|---|---|
| 005 | 20260422104150.0 | ||
| 008 | 260422b |||||||| |||| 00| 0 eng d | ||
| 020 |
_a9789358492491 _c380 |
||
| 040 | _aMAIN | ||
| 041 | _aeng | ||
| 082 |
_a372.21 _bDEK |
||
| 100 |
_aDeka, N. _qDr. Nabanita |
||
| 245 | _aEarly Childhood Care and Education | ||
| 250 | _a1st Ed. 2026 | ||
| 260 |
_aDibrugarh _bPradyut Hazarika _c2026 |
||
| 300 |
_a342 p. ; _c14 x 22 cm |
||
| 505 | _aNEP 6th Semester Major | ||
| 650 | _aEducation | ||
| 700 | _bKonwer, Subhalakhi | ||
| 700 | _bHandique, Papori | ||
| 700 | _bSaikia, Jutika | ||
| 942 |
_2ddc _cBK |
||
| 999 |
_c16411 _d16411 |
||